Le Manga en fonction du nom en français - Statistiques

Statistiques générales
  • Ce quiz a été pris 360 fois
  • Le résultat moyen est 20 sur 25
Statistiques - réponses
Français Nom Original (Pas forcément Japonais) % Correct
Une Pièce One Piece
98%
La Boule du Dragon Z Dragon Ball Z
97%
Mon Académie de Héros My Hero Academia
96%
La Note de la Mort Death Note
94%
Chasseur X Chasseur Hunter X Hunter
94%
La Force de Feu Fire Force
91%
L'Homme d'Un Poing One Punch Man
91%
La Classe d'Assassinat Assassination Classroom
90%
Les Vengeurs de Tokyo Tokyo Revengers
90%
Docteur Pierre Dr. Stone
89%
Queue de Fée Fairy Tail
89%
Guerre de Nourriture Food Wars
88%
L'Homme Tronçonneuse Chainsaw Man
86%
L'Art de l’Épée en Ligne Sword Art Online
86%
Le Trèfle Noir Black Clover
85%
L'Aventure Bizarre de Jojo Jojo's Bizarre Adventure
83%
Agent Secret et Famille Spy X Family
82%
Le Cadenas Bleu Bluelock
74%
Le Chevalier Seiya Saint-Seiya
72%
Fait dans l'Abysse Made in Abyss
69%
Blanchir Bleach
62%
Le Paradis de l'Enfer Hell's Paradise
62%
Monstres de Poches Pokémon
58%
Les Rôdeurs de la Nuit Demon Slayer
47%
Combat de Sorcellerie Jujutsu Kaisen
20%
Aucun quiz correspondant
Distribution des résultats
% des personnes avec chaque résultat
Percentile par nombre de réponses
Votre historique - résultats
Vous n’avez pas pris ce quiz